| 000 | 00686na a2200229 4500 | ||
|---|---|---|---|
| 001 | 16968 | ||
| 003 | MIRAKIL | ||
| 005 | 20181213154941.0 | ||
| 008 | 161018b tu 000 0 | ||
| 040 |
_aMilas _btur _cTR-AnCHP |
||
| 041 | _atur | ||
| 082 |
_a346.0150263 _bY44t 2001 |
||
| 090 | _a346.0150263 Y44t 2001 | ||
| 100 | _aYıldırım, Osman | ||
| 245 |
_aTürk Medeni Kanunu _cOsman Yıldırım, M. Turan Özer |
||
| 260 |
_aAdana _bÇukurova Üniversitesi _c2001 |
||
| 300 |
_axxxvi, 274 s. _c24 sm. |
||
| 650 |
_aMedeni hukuk _xKanunlar ve yönetmelikler _zTürkiye |
||
| 650 |
_aMedeni haklar _xHukuk ve mevzuat _zTürkiye |
||
| 700 | _aÖzer, M. Turan | ||
| 942 |
_2ddc _cBKS |
||
| 999 |
_c3730 _d3730 |
||